| 000 | 01057nab a22002537a 4500 | ||
|---|---|---|---|
| 999 |
_c6389 _d6389 |
||
| 003 | OSt | ||
| 005 | 20260201161912.0 | ||
| 008 | 190506c xxu||||| |||| 00| 0 spa d | ||
| 040 | _cPJ | ||
| 100 |
_97029 _aMorales, Mariel Andrea |
||
| 245 | 1 | 3 |
_aLa mujer y el acoso laboral / _cMariel Andrea Morales. |
| 260 |
_aBuenos Aires : _bAbeledoPerrot, _c2023. |
||
| 300 | _ap. 20-30 | ||
| 500 | _aCita: TR LALEY AR/DOC/1830/2023 | ||
| 505 | _aSumario: I. Introducción.— II. Acoso sexual en el trabajo.— III. El acoso laboral también es violencia de género.— IV. Conclusión.— V. Bibliografía. | ||
| 505 | _t¿Te interesa el texto completo? Comunicate al correo: koha@justierradelfuego.gov.ar | ||
| 650 | 0 |
_91316 _aDERECHO LABORAL |
|
| 650 | 0 |
_91578 _aMOBBING |
|
| 650 | 0 |
_94043 _aDERECHOS DE LA MUJER |
|
| 650 | 0 |
_91577 _aDISCRIMINACION LABORAL |
|
| 650 | 0 |
_93053 _aVIOLENCIA DE GÉNERO |
|
| 773 | 0 |
_02751 _93202 _dBuenos Aires : AbeledoPerrot, 2013- _tRevista de derecho laboral y seguridad social. Nº 18 - Septiembre 2023 |
|
| 942 |
_2udc _cANA |
||